[Event "SibFR-ch U18 Girls"]
[Site "Tomsk"]
[Date "2008.11.04"]
[Round "4"]
[White "Sakhina, Marina"]
[Black "Trapeznikova, Darya"]
[Result "0-1"]
[WhiteElo "1976"]
[BlackElo "1936"]
[PlyCount "111"]
[EventDate "2008.11.01"]
[EventType "swiss"]
[EventRounds "9"]
[EventCountry "RUS"]
[SourceTitle "EXT 2022"]
[Source "ChessBase"]
[SourceDate "2021.10.06"]
[SourceVersion "1"]
[SourceVersionDate "2021.10.06"]
[SourceQuality "1"]

1. e4 e6 2. d4 d5 3. exd5 exd5 4. Bd3 Bd6 5. Nc3 c6 6. Qe2+ Ne7 7. Bg5 Qc7 8. 0-0-0 0-0 9. h4 Na6 10. Nh3 h6 11. Qh5 Nb4 12. Bxe7 Nxd3+ 13. Rxd3 Qxe7 14. g4 Qf6 15. g5 Qf5 16. Qd1 hxg5 17. hxg5 f6 18. Kb1 fxg5 19. Qh5 Qh7 20. Qxg5 Bf5 21. Rg1 Bxd3 22. cxd3 Qxd3+ 23. Ka1 Qxd4 24. Qh6 Qf6 25. Rg6 Rfe8 26. Ng5 Re1+ 27. Nb1 Qe5 28. Qh7+ Kf8 29. Qh8+ Ke7 30. Rxg7+ Kf6 31. Qh6+ Kf5 32. Rf7+ Kg4 33. f3+ Kg3 34. Qh3+ Kf2 35. Qh4+ Ke2 36. f4 Qe3 37. Qg4+ Kd3 38. Qf5+ Kc4 39. Qc2+ Kd4 40. Nf3+ Qxf3 41. Qd2+ Kc5 42. Qxe1 Rf8 43. Qc1+ Kb6 44. Rd7 Bxf4 45. Qg1+ Be3 46. Qg7 Rb8 47. Qc3 c5 48. a4 Qe4 49. Qb3+ Qb4 50. Qxd5 Qxa4+ 51. Na3 Bd4 52. Qe6+ Ka5 53. Qe7 Qb4 54. Nc4+ Kb5 55. Na3+ Qxa3+ 56. Kb1 0-1

[Event "Sibiria Region-ch (Women)"]
[Site "Novokuznetsk"]
[Date "2008.03.15"]
[Round "3"]
[White "Yakovleva, Daria"]
[Black "Sakhina, Marina"]
[Result "1/2-1/2"]
[WhiteElo "2066"]
[BlackElo "1911"]
[PlyCount "184"]
[EventDate "2008.03.13"]
[EventType "swiss"]
[EventRounds "9"]
[EventCountry "RUS"]
[SourceTitle "CBM 123 Extra"]
[Source "ChessBase"]
[SourceDate "2008.05.06"]
[SourceVersion "1"]
[SourceVersionDate "2008.05.06"]
[SourceQuality "1"]

1. e4 e5 2. Bc4 Nf6 3. d3 Be7 4. Nf3 d6 5. 0-0 0-0 6. c3 c6 7. Nbd2 d5 8. Bb3 Qc7 9. Re1 Bg4 10. Nf1 Nbd7 11. h3 Bh5 12. Bg5 Rad8 13. exd5 cxd5 14. Ng3 Bg6 15. Nh4 Nc5 16. Nxg6 hxg6 17. Qe2 Qb6 18. Qc2 Nxb3 19. Qxb3 Qc7 20. Re2 Bc5 21. Nf1 Rd6 22. Bxf6 gxf6 23. Nd2 Qd7 24. Nf3 Bb6 25. Qb4 Re8 26. Rae1 Rc6 27. Qh4 Kg7 28. Qa4 Qf5 29. Rd1 Rec8 30. Qg4 Qxg4 31. hxg4 Bc7 32. Rde1 Ra6 33. a3 Re6 34. g5 Rce8 35. gxf6+ Kxf6 36. Nd2 Ke7 37. Re3 Rb6 38. Rb1 f5 39. Nf3 Kf6 40. Re2 Re7 41. Rbe1 g5 42. Rc2 g4 43. Nd2 f4 44. c4 dxc4 45. dxc4 Kf5 46. Ne4 Rd7 47. Nc3 Rc6 48. Nb5 a6 49. Nxc7 Rcxc7 50. Rce2 Re7 51. Re4 Rcd7 52. c5 Rd2 53. b4 Ra2 54. Rc4 Rxa3 55. c6 bxc6 56. Rxc6 Re6 57. Rc8 Rb3 58. Rc4 Rb6 59. Rc5 Re6 60. Rc4 Rb2 61. Rce4 Rd2 62. g3 Rd4 63. Rxd4 exd4 64. Rd1 Rd6 65. gxf4 Kxf4 66. Kg2 d3 67. Rd2 Rd4 68. Rd1 Ke4 69. Kg3 Kd5 70. f3 gxf3 71. Kxf3 Kc4 72. Ke3 Rd6 73. Kd2 Kxb4 74. Rb1+ Kc4 75. Ra1 Kb4 76. Rb1+ Kc4 77. Ra1 Rh6 78. Ra4+ Kb3 79. Ra5 Rd6 80. Ra1 Kb2 81. Ra5 Kb3 82. Ra1 Kb4 83. Rb1+ Kc5 84. Ra1 Kc4 85. Ra2 Rb6 86. Ra4+ Kb3 87. Ra5 Kb4 88. Ra1 Kc4 89. Ra4+ Kc5 90. Kxd3 Rc6 91. Rc4+ Kb5 92. Rxc6 Kxc6 1/2-1/2

[Event "Angarsk (Women) op"]
[Site "Angarsk"]
[Date "2007.03.25"]
[Round "8"]
[White "Sakhina, Marina"]
[Black "Shevchenko, Olesia"]
[Result "1-0"]
[WhiteElo "1879"]
[BlackElo "2016"]
[PlyCount "104"]
[EventDate "2007.03.19"]
[EventType "swiss"]
[EventRounds "9"]
[EventCountry "RUS"]
[SourceTitle "EXT 2008"]
[Source "ChessBase"]
[SourceDate "2007.11.25"]
[SourceVersion "1"]
[SourceVersionDate "2007.11.25"]
[SourceQuality "1"]

1. e4 c6 2. Nf3 d5 3. Nc3 dxe4 4. Nxe4 Nd7 5. Bc4 Ngf6 6. Neg5 e6 7. 0-0 Nb6 8. Bb3 h6 9. Nh3 Bd6 10. d4 0-0 11. Bf4 Bxf4 12. Nxf4 Qc7 13. Ne2 c5 14. c3 Rd8 15. Qb1 cxd4 16. Nexd4 Nbd5 17. Re1 b6 18. Ne5 Re8 19. Ba4 Rf8 20. Bc6 Bb7 21. c4 Bxc6 22. Ndxc6 Ne7 23. Nxe7+ Qxe7 24. b4 Rac8 25. Qb3 Rfd8 26. Rad1 Nd7 27. Nxd7 Rxd7 28. a3 Rcd8 29. Qc2 Rd6 30. Rxd6 Qxd6 31. h3 Qd3 32. Qa4 Qd2 33. Rf1 Qd7 34. Qxd7 Rxd7 35. Rc1 Rc7 36. Kf1 Kf8 37. Ke2 Ke7 38. Kd3 Kd6 39. a4 e5 40. f3 f5 41. g4 g6 42. gxf5 gxf5 43. Rg1 e4+ 44. fxe4 fxe4+ 45. Kd4 Re7 46. Rg6+ Kd7 47. Rg3 Kc7 48. Re3 Rd7+ 49. Kxe4 Rd1 50. Rg3 Ra1 51. Rg7+ Kb8 52. Kd5 a5 1-0

[Event "Angarsk (Women) op"]
[Site "Angarsk"]
[Date "2007.03.24"]
[Round "7"]
[White "Kol, Natalia"]
[Black "Sakhina, Marina"]
[Result "1-0"]
[WhiteElo "2104"]
[BlackElo "1879"]
[PlyCount "69"]
[EventDate "2007.03.19"]
[EventType "swiss"]
[EventRounds "9"]
[EventCountry "RUS"]
[SourceTitle "EXT 2008"]
[Source "ChessBase"]
[SourceDate "2007.11.25"]
[SourceVersion "1"]
[SourceVersionDate "2007.11.25"]
[SourceQuality "1"]

1. d4 d5 2. Nf3 Nf6 3. Bf4 e6 4. e3 Be7 5. Bd3 0-0 6. Nbd2 c5 7. c3 c4 8. Bc2 Nc6 9. Qe2 Bd6 10. Ne5 Bxe5 11. dxe5 Nd7 12. Nf3 f6 13. exf6 Nxf6 14. Ne5 Nxe5 15. Bxe5 Qe8 16. g4 Qc6 17. 0-0-0 Nd7 18. Bg3 Nc5 19. g5 g6 20. h4 e5 21. Bxe5 Bf5 22. h5 Bxc2 23. Kxc2 Nd3 24. Bf6 Rae8 25. hxg6 hxg6 26. Rh8+ Kf7 27. Rh7+ Ke6 28. Qg4+ Kd6 29. Qg3+ Kc5 30. Rc7 Kb6 31. Rxc6+ Kxc6 32. Rh1 Rf7 33. Rh6 Rg8 34. Qg4 Kd6 35. e4 1-0